LEADER 01408nam a2200325 u 4500 001 000000016289 003 CaOOAMICUS 005 20140110113441.0 008 940513s1951 gw ac u000 u ger r 035 $a10382048 040 $aDLC$bita$cGZN 041 0 $ager$aeng$afre$aita 245 00$aFestschrift Fritz Schulz. 260 $aWeimar :$bH. Böhlaus Nachfolger,$c1951. 300 $a2 v. :$bport., illus. ;$c27 cm 504 $a"Vollständiges Verzeichnis der juristischen Schriften von Fritz Schulz": v. 1, p. [7]-[8] 600 14$aSchulz, Fritz,$d1879-$0(OLS)http://pul/subject/11543 650 4$aRoman law.$0(OLS)http://pul/subject/117 650 0$aLaw.$2//eng$0(OLS)http://pul/subject/11537 700 1 $aSchulz, Fritz,$d1879-1957.$0(OLS)http://pul/name/4386 850 $aPUL 852 $aPUL$W1$xSL Diritto e Scienze Sociali 1$y4$m208 A 18.14.2$j22957$nBK-PRI$av. 2$qStampati$B22958$CPULBib$Z2$F22958 $81 852 $aPUL$W1$xSL Diritto e Scienze Sociali 1$y4$m208 A 18.14.1$j157861$nBK-PRI$av. 1$qStampati$B22957$CPULBib$Z2$F22957 $H15470 $81 941 1 $a8 960 $aDiritto romano$9117 960 $aDiritto romano$9117 961 $aINV: 15470, 15471 961 $aINV: 15470, 15471 996 $6245$aFestschrift Fritz Schulz$9(OLS)http://pul/title/23255 996 $6260$aWeimar :$bH. Böhlaus Nachfolger$9(OLS)http://pul/publisher/52136 LEADER 01235nam a2200277 u 4500 001 000000090936 003 CaOOAMICUS 005 20070226124757.0 008 051014s2004 vc h u000 u ita u 020 $a88-209-7581-5 035 $a11073994 040 $aPUL$bita 100 1 $aVilleggiante, Sebastiano.$0(OLS)http://pul/name/27498 245 10$aCiullo d'Alcamo e il Diritto Canonico Matrimoniale /$cSebastiano Villeggiante. 260 $aCittà del Vaticano :$bLibreria editrice vaticana,$cc2004. 300 $aix, 105 p. :$bfacsim. ;$c24 p 504 $aContiene bibliografia. 600 04$aCielo d'Alcamo,$dsec. XII.$0(OLS)http://pul/subject/29535 650 4$aMatrimonio (diritto canonico).$0(OLS)http://pul/subject/475 850 $aPUL 852 $aPUL$W1$xSL Diritto Canonico 3$y77$m262. 9 VILSE 1$j114658$nBK-PRI$b $qDDC 21$B114658$CPULBib$Z2$F114658 $HPUL99820 $81 941 1 $a9 960 $aDiritto matrimoniale canonico$9475 996 $6020$a88-209-7581-5$9(OLS)http://pul/number/119169 996 $6245$aCiullo d'Alcamo e il Diritto Canonico Matrimoniale$9(OLS)http://pul/title/117420 996 $6260$aCittà del Vaticano :$bLibreria editrice vaticana$9(OLS)http://pul/publisher/47920